<?xml version="1.0" encoding="UTF-8"?>
<record
    xmlns:xsi="http://www.w3.org/2001/XMLSchema-instance"
    xsi:schemaLocation="http://www.loc.gov/MARC21/slim http://www.loc.gov/standards/marcxml/schema/MARC21slim.xsd"
    xmlns="http://www.loc.gov/MARC21/slim">

  <leader>01649nam a22002897a 4500</leader>
  <controlfield tag="005">20260206114149.0</controlfield>
  <controlfield tag="008">      e2024    sp ||||fr|||| 001 0 spa d</controlfield>
  <datafield tag="020" ind1=" " ind2=" ">
    <subfield code="a">978841382674</subfield>
  </datafield>
  <datafield tag="050" ind1=" " ind2="4">
    <subfield code="a">RT85.5 </subfield>
    <subfield code="b">N87318 2024</subfield>
  </datafield>
  <datafield tag="082" ind1=" " ind2=" ">
    <subfield code="a">610.73 C583c 2014</subfield>
  </datafield>
  <datafield tag="245" ind1="0" ind2="0">
    <subfield code="a">Clasificaci&#xF3;n de resultados de enfermer&#xED;a (NOC) </subfield>
    <subfield code="b">: medici&#xF3;n de resultados en salud </subfield>
    <subfield code="c">/ Editores Sue Moorhead, Elizabeth Swanson, Marion Johnson, traductor Elsevier Espa&#xF1;a. </subfield>
  </datafield>
  <datafield tag="250" ind1=" " ind2=" ">
    <subfield code="a">7a ed </subfield>
  </datafield>
  <datafield tag="260" ind1="3" ind2=" ">
    <subfield code="a">Barcelona: Espa&#xF1;a</subfield>
    <subfield code="b">, Elsevier</subfield>
    <subfield code="c">, 2024</subfield>
  </datafield>
  <datafield tag="300" ind1=" " ind2=" ">
    <subfield code="a">xx, 855 p&#xE1;ginas</subfield>
  </datafield>
  <datafield tag="500" ind1=" " ind2=" ">
    <subfield code="a">Incluye ap&#xE9;ndices (pp. 812-832)
Incluye &#xED;ndice alfab&#xE9;tico (pp.833-855)</subfield>
  </datafield>
  <datafield tag="505" ind1="1" ind2=" ">
    <subfield code="a">Primera parte: visi&#xF3;n general y uso de la calcificaci&#xF3;n de resultados de enfermer&#xED;a (NOC)
- Visi&#xF3;n general de la clasificaci&#xF3;n, componentes b&#xE1;sicos de la NOC
-Componentes b&#xE1;sicos de la NOC
-Preguntas frecuentes
- Recursos para apoyar y mejorar el uso de la NOC
Segunda parte: taxonom&#xED;a de la clasificaci&#xF3;n de resultados de enfermer&#xED;a
- Visi&#xF3;n general de la taxonom&#xED;a
Tercera parte: resultados
Cuarta parte: Resultados NOC conductuales relacionados con resultados NOC de conocimiento.
Quinta parte: Resultados centrales seg&#xFA;n especialidades de enfermer&#xED;a</subfield>
  </datafield>
  <datafield tag="519" ind1=" " ind2=" ">
    <subfield code="a">Plan UNAM 2&#xB0; semestre /</subfield>
    <subfield code="b">Enfermer&#xED;a / </subfield>
    <subfield code="c">Enfermer&#xED;a fundamental (1210) / </subfield>
    <subfield code="d">(23 004165, 23 004166)</subfield>
  </datafield>
  <datafield tag="650" ind1="1" ind2="4">
    <subfield code="a">Enfermer&#xED;a</subfield>
    <subfield code="x">Resultados</subfield>
  </datafield>
  <datafield tag="650" ind1="2" ind2="4">
    <subfield code="a">Taxonom&#xED;a</subfield>
  </datafield>
  <datafield tag="650" ind1="2" ind2="4">
    <subfield code="a">Resultados</subfield>
  </datafield>
  <datafield tag="700" ind1="1" ind2=" ">
    <subfield code="a">Johnson, Marion </subfield>
    <subfield code="e">editor</subfield>
  </datafield>
  <datafield tag="700" ind1="1" ind2=" ">
    <subfield code="a">Swason, Elizabeth</subfield>
    <subfield code="e">editor</subfield>
  </datafield>
  <datafield tag="700" ind1="1" ind2=" ">
    <subfield code="a">Johnson, Marion </subfield>
    <subfield code="e">editor</subfield>
  </datafield>
  <datafield tag="710" ind1="1" ind2=" ">
    <subfield code="a">Elsevier Espala</subfield>
    <subfield code="e">traductor. </subfield>
  </datafield>
  <datafield tag="942" ind1=" " ind2=" ">
    <subfield code="c">LB</subfield>
    <subfield code="2">lcc</subfield>
  </datafield>
  <datafield tag="952" ind1=" " ind2=" ">
    <subfield code="0">0</subfield>
    <subfield code="1">0</subfield>
    <subfield code="2">ddc</subfield>
    <subfield code="4">0</subfield>
    <subfield code="7">0</subfield>
    <subfield code="a">23</subfield>
    <subfield code="b">23</subfield>
    <subfield code="d">2026-02-06</subfield>
    <subfield code="l">0</subfield>
    <subfield code="o">RT85.5  N87318 2024</subfield>
    <subfield code="p">23 004165</subfield>
    <subfield code="r">2026-02-06</subfield>
    <subfield code="t">1</subfield>
    <subfield code="w">2026-02-06</subfield>
    <subfield code="y">LB</subfield>
    <subfield code="f"></subfield>
  </datafield>
  <datafield tag="952" ind1=" " ind2=" ">
    <subfield code="0">0</subfield>
    <subfield code="1">0</subfield>
    <subfield code="2">ddc</subfield>
    <subfield code="4">0</subfield>
    <subfield code="7">0</subfield>
    <subfield code="a">23</subfield>
    <subfield code="b">23</subfield>
    <subfield code="d">2026-02-06</subfield>
    <subfield code="l">0</subfield>
    <subfield code="o">RT85.5  N87318 2024</subfield>
    <subfield code="p">23 004244</subfield>
    <subfield code="r">2026-05-08</subfield>
    <subfield code="t">2</subfield>
    <subfield code="w">2026-02-06</subfield>
    <subfield code="y">LB</subfield>
    <subfield code="f"></subfield>
  </datafield>
  <datafield tag="999" ind1=" " ind2=" ">
    <subfield code="c">291130</subfield>
    <subfield code="d">291130</subfield>
  </datafield>
</record>
